Widok standardowy
Widok MARC
Pozycja Geographic Name
Liczba rekordów, w których użyto hasła: 1
001 - Numer kontrolny
- control field: 40924
003 - Identyfikator numeru kontrolnego
- control field: NUKAT
005 - Data i czas ostatniej modyfikacji
- control field: 20260429145113.0
008 - Dane kontrolne kodowane (40 znaków)
- fixed length control field: 050120n||azznnbabn |a ana |
010 ## - Numer kontrolny Biblioteki Kongresu
- numer kontrolny LC: p 2004320128
035 ## - Numer systemowy
- numer systemowy: a12133668
035 ## - Numer systemowy
- numer systemowy: (PL)a0000001213366
040 ## - Instytucja sporządzająca rekord
- inst. przygot. dane do rek. khw: WA N
- język haseł przedmiotowych/tezaurus: DBN
- inst. wprow. rek. khw: WA N
043 ## - Kod obszaru geograficznego
- ISO code: PL
151 ## - Hasło - nazwa geograficzna
- nazwa geograficzna: Diecezja zamojsko-lubaczowska (obszar)
368 ## - Other Attributes
- Juris type: Diecezje
451 ## - Trop zob. - nazwa geograficzna
- nazwa geograficzna: Zamojsko-lubaczowska, diecezja (katol.)
551 ## - Trop zob. też - nazwa geograficzna
- podpole kontrolne: g
- nazwa geograficzna: Metropolia przemyska (obszar)
670 ## - Źródło informacji
- źródło informacji: www.opoka.org.pl